Music Quiz

Random Music or Bands Quiz

Origins of 20 Alternative Band Names Quiz Stats

 Plays Quiz Updated Jul 26, 2017

Support Sporcle.
Go Orange.
Score 0/20 Timer 07:00
5 Plays Today
% Correct
Primus
91.3%
Weezer
90%
Blink-182
89.7%
Veruca Salt
88.2%
Rage Against the Machine
86.3%
Nirvana
86.1%
311
85.1%
Everclear
78.8%
Goo Goo Dolls
74.3%
Foo Fighters
71.5%
% Correct
No Doubt
70.9%
Hole
69.6%
Pearl Jam
67.6%
The Smashing Pumpkins
63.4%
Third Eye Blind
63.2%
Alice in Chains
56.9%
Collective Soul
56.1%
Bush
49.9%
Radiohead
43.8%
Soundgarden
34.6%

You're not logged in!

Compare scores with friends on all Sporcle quizzes.
OR
Log In
Forgot?

From the Vault

Brand Name Etymology

by mrsmith

Now if only we could explain where the name Sporcle came from.
Remove Ads.
Support Sporcle.
Get the best of Sporcle when you Go Orange. This ad-free experience offers more features, more stats, and more fun while also helping to support Sporcle. Thank you for becoming a member.

Show Comments

Extras

Top Quizzes Today


Score Distribution

Your Account Isn't Verified!

In order to create a playlist on Sporcle, you need to verify the email address you used during registration. Go to your Sporcle Settings to finish the process.

Report this User

Report this user for behavior that violates our Community Guidelines.

Details: